000 01774cam a22003015a 4500
001 11198442
005 20160510154503.0
008 141125t2014 gw a frb 000 0 eng d
020 _a9783319108544
040 _dWaSeSS
_dEG-ScBUE
_beng
_cEG-ScBUE
082 0 4 _a621.3126
_222
_bORG
245 0 0 _aOrganic and hybrid solar cells /
_ceditors Hui Huang, Jinsong Huang.
260 _aCham :
_bSpringer,
_cc.2014.
300 _aviii, 337 p. :
_bill. ;
_c24 cm.
504 _aIncludes bibliographical references.
505 0 _aIntroduction to Organic/Hybrid Solar Cells (OSC) -- Charge Transport and Recombination in OSC -- Donor Materials for OSC -- N-type Electron Accepting Materials for OSC -- Interfacial Layers in OSC -- Alternative Electrodes for OSC -- Inverted Organic Solar Cells -- Stability of OSC -- Research Progress and Manufacturing Techniques for Large Area Polymer Solar Cells -- Hybrid Solar Cells.
506 _aLicense restrictions may limit access.
520 _aThis book delivers a comprehensive evaluation of organic and hybrid solar cells and identifies their fundamental principles and numerous applications.  Great attention is given to the charge transport mechanism, donor and acceptor materials, interfacial materials, alternative electrodes, device engineering and physics, and device stability. The authors provide an industrial perspective on the future of photovoltaic technologies.
650 7 _aElectrical engineering.
_2BUEsh
_933874
650 7 _aSurfaces (Physics)
_2BUEsh
_939956
653 _bENGGEN
_cMay2016
700 1 _aHuang, Jinsong.
_eeditor.
700 1 _aHuang, Hui.
_eeditor.
773 0 _tSpringer eBooks
773 0 _tSpringerLINK ebooks - Energy (2014)
776 0 8 _iPrinted edition:
_z9783319108544
942 _2ddc
999 _c21727
_d21699